| 000 | 02190cas a2200385 a 4500 | ||
|---|---|---|---|
| 005 | 20160107091137.0 | ||
| 008 | 860127d19862011dcugr s 0 a0eng c | ||
| 030 | _aWORSE9 | ||
| 040 |
_aNSDP _cNSDP _dMH _dDLC _dNSDP _dInU _dMH _dNST _dMH _dNST _dDNAL _dNST _dMCM _dWaU _dNST _dMH _dNST _dMH _dDLC _dN _dDLC _dMH _dInU _dMCM _dMH _dOCoLC _dHkUST _dInU _dOCoLC _dInU _dNL-LeOCL _dOCoLC _dNYDRD _dInU _dCLU _dMH _dMdAN _dCaQQL _dOCoLC _dNSDP _dNWhpW _dOCoLC _dInU _dUKMGB _dInU _dTULIB _dOCoLC _dMH-L _dOCoLC _dOCLCF _dPSt _dCO-BoIAVH |
||
| 041 |
_aeng _aspa |
||
| 082 | 0 | 0 |
_a333.705 _bW92w |
| 245 | 0 | 0 |
_aWorld resources : _ba report by the World Resources Institute and the International Institute for Environment and Development. |
| 246 |
_aRecursos Mundiales : _bUn informe del Instituto de Recursos Mundiales |
||
| 260 |
_aNew York : _bBasic Books, _cc1986- |
||
| 260 | 2 |
_aOxford : _bOxford University Press _c. |
|
| 260 | 2 |
_aOxford : _bElsevier Science _c. |
|
| 260 | 3 |
_aWashington, D.C. : _bWorld Resources Institute _c. |
|
| 300 |
_avolúmenes : _bilustraciones ; _c28 x 22 cm. |
||
| 310 | _b1988/89- | ||
| 321 |
_aAnnual, _b1986-1987 |
||
| 505 | _aVol. 1 1992-1993 Vol. 2 1996 Vol. 3 1998-1999 Vol. 4 2000-2001 Vol. 5 2002-2004 | ||
| 650 | 6 |
_aRecursos Naturales _vPeriódicas. |
|
| 650 | 0 |
_aEconomia histórica _y1971-1990 _vPeriódicas. |
|
| 650 | 0 |
_aEconomia histórica _y1990- _vPeriódicas. |
|
| 650 | 6 | _aRecursos Naturales | |
| 650 | 6 |
_aRecursos Naturales _vEstadísticas |
|
| 650 | 6 |
_aIndicadores ecológicos _vPeriódicas. |
|
| 710 | 2 | _aWorld Resources Institute. | |
| 710 | 2 | _aInternational Institute for Environment and Development. | |
| 710 | 2 | _aUnited Nations Environment Programme. | |
| 710 | 2 | _aUnited Nations Development Programme. | |
| 710 | 2 | _aWorld Bank. | |
| 942 |
_2ddc _cLIBRO |
||
| 999 |
_c89 _d89 |
||